[Event "Llinars del Valles op-A 9th"]
[Site "Llinars del Valles"]
[Date "2015.05.30"]
[Round "7"]
[White "Martinez Perez, Pablo"]
[Black "Galino Lopez, Aurelio"]
[Result "1/2-1/2"]
[WhiteElo "1810"]
[BlackElo "1960"]
[PlyCount "67"]
[EventDate "2015.04.11"]
[EventType "swiss"]
[EventRounds "9"]
[EventCountry "ESP"]
[SourceTitle "EXT 2016"]
[Source "ChessBase"]
[SourceDate "2015.10.08"]
[SourceVersion "1"]
[SourceVersionDate "2015.10.08"]
[SourceQuality "1"]

1. e4 Nf6 2. e5 Nd5 3. c4 Nb6 4. d4 d6 5. exd6 cxd6 6. Nc3 g6 7. Be3 Bg7 8. b3 Nc6 9. Rc1 0-0 10. Nf3 Bg4 11. Be2 Re8 12. 0-0 Qd7 13. d5 Bxf3 14. dxc6 Bxc6 15. Re1 Rac8 16. Qd2 Na8 17. Nd5 b6 18. Bh6 Bh8 19. Bg5 f6 20. Bh4 Nc7 21. Bf3 Bxd5 22. cxd5 Na6 23. a3 Rxc1 24. Rxc1 Rc8 25. b4 Rxc1+ 26. Qxc1 Qc7 27. Qe1 Qc4 28. Bg3 Nc7 29. h3 Kf8 30. Qd2 Bg7 31. Bf4 f5 32. Bh6 Bxh6 33. Qxh6+ Kg8 34. Qg5 1/2-1/2

[Event "Llinars del Valles op-A 9th"]
[Site "Llinars del Valles"]
[Date "2015.05.16"]
[Round "6"]
[White "Camus, Adrian Hugo"]
[Black "Martinez Perez, Pablo"]
[Result "1/2-1/2"]
[WhiteElo "1940"]
[BlackElo "1810"]
[PlyCount "84"]
[EventDate "2015.04.11"]
[EventType "swiss"]
[EventRounds "9"]
[EventCountry "ESP"]
[SourceTitle "EXT 2016"]
[Source "ChessBase"]
[SourceDate "2015.10.08"]
[SourceVersion "1"]
[SourceVersionDate "2015.10.08"]
[SourceQuality "1"]

1. d4 Nf6 2. Nf3 e6 3. h3 b6 4. Bf4 Bb7 5. Nbd2 c5 6. e3 Be7 7. Bd3 Nc6 8. c3 d6 9. Qe2 Rc8 10. 0-0 0-0 11. Bh2 Re8 12. Rad1 cxd4 13. exd4 h6 14. Rfe1 Bf8 15. Bb5 Ra8 16. Qd3 a6 17. Ba4 b5 18. Bc2 g6 19. Nh4 Bg7 20. Nxg6 fxg6 21. Qxg6 Ne7 22. Qd3 Ned5 23. Ne4 Nxe4 24. Qxe4 Qe7 25. Qh7+ Kf8 26. Rd3 Nf6 27. Qg6 Rad8 28. Rde3 Qf7 29. Qd3 Bd5 30. b3 Ba8 31. Qe2 Kg8 32. Rg3 Re7 33. Rg6 Nd5 34. Qd2 Kh8 35. Bg3 Rf8 36. Bxd6 Nf4 37. Rg3 Nxg2 38. Rxg2 Bxg2 39. Kxg2 Qf3+ 40. Kg1 Qxh3 41. Bxe7 Qg4+ 42. Kf1 Qh3+ 1/2-1/2

[Event "Llinars del Valles op-A 9th"]
[Site "Llinars del Valles"]
[Date "2015.05.09"]
[Round "5"]
[White "Martinez Perez, Pablo"]
[Black "Camos Ramio, Miguel"]
[Result "1/2-1/2"]
[WhiteElo "1810"]
[BlackElo "2013"]
[PlyCount "43"]
[EventDate "2015.04.11"]
[EventType "swiss"]
[EventRounds "9"]
[EventCountry "ESP"]
[SourceTitle "EXT 2016"]
[Source "ChessBase"]
[SourceDate "2015.10.08"]
[SourceVersion "1"]
[SourceVersionDate "2015.10.08"]
[SourceQuality "1"]

1. e4 c5 2. Nf3 d6 3. d4 cxd4 4. Qxd4 Nc6 5. Bb5 Bd7 6. Bxc6 Bxc6 7. Nc3 Nf6 8. Bg5 e6 9. 0-0-0 Be7 10. Rhe1 Qa5 11. Qd2 0-0 12. Kb1 Rfe8 13. Nd5 Qxd2 14. Nxe7+ Rxe7 15. Nxd2 Rd7 16. f3 Ne8 17. Nc4 f6 18. Bh4 Kf7 19. Bf2 b6 20. Rd2 Ke7 21. Red1 Rad8 22. b3 1/2-1/2